Campeões Campeonato Paulista - Statistics

Estatísticas Gerais
  • Esse quiz foi jogado 4 778 vezes
  • A pontuação média é 13 de 18
Estatísticas das Respostas
Titulos Clube Clube Extinto % Correto
2 Titulos São Bento ___ Bento(1935)
100%
25 Titulos Palmeiras
99%
22 Titulos São Paulo
99%
30 Titulos Corinthians
98%
22 Titulos Santos
98%
4 Titulos São Paulo Athletic
97%
2 Titulos Ituano
76%
11 Titulos Paulistano ___tano (1929)
76%
2 Titulos Americano __ricano(1916)
71%
1 Titulo(1986) Inter de Limeira
70%
2 Titulos Internacional ___cional(1933)
70%
1 Titulo(1990) Bragantino
67%
3 Titulos Portuguesa
66%
1 Titulo(2004) São Caetano
65%
1 Titulo(1934) Juventus
38%
1 Titulo(1933) Albion __bion(1945)
34%
3 Titulos Associação Das Palmeiras ____ Das Palmeiras (1929)
26%
2 Titulos Germania
15%
Nenhum quiz correspondente encontrado
Distribuição das Pontuações
Porcentagem de Pessoas com Cada Pontuação
Percentil de Números Respondidos
Sua Pontuação Histórica
Você não jogou esse quiz